[Event "CZE-ch"]
[Site "Zlin"]
[Date "1998.06.22"]
[Round "10"]
[White "Blatny, Pavel"]
[Black "Pisk, Petr"]
[Result "1/2-1/2"]
[WhiteElo "2560"]
[BlackElo "2310"]
[Annotator "Yudasin,L"]
[PlyCount "217"]
[EventDate "1998.06.13"]
[EventType "tourn"]
[EventRounds "11"]
[EventCountry "CZE"]
[EventCategory "9"]
[SourceTitle "CBM 066"]
[Source "ChessBase"]
[SourceDate "1998.09.30"]
[SourceVersion "1"]
[SourceVersionDate "1998.09.30"]
[SourceQuality "1"]

1. d4 Nf6 2. Nf3 g6 3. Nc3 d6 (3... d5) 4. e4 Bg7 5. Be2 O-O 6. O-O c6 7. h3 (
7. a4) (7. Re1) 7... Nbd7 (7... Qc7) 8. Bg5 (8. Bf4 Nh5 9. Bg5 (9. Bh2 e5 10.
dxe5 dxe5 11. Qd6 Qf6 12. Rad1 Qxd6 13. Rxd6 Re8 14. Rfd1 Nhf6 $14) 9... h6 10.
Be3 e5) 8... h6 9. Be3 e5 10. dxe5 (10. Qd2 Kh7 11. Rad1 Qe7) 10... dxe5 11.
Nd2 b5 $1 (11... Qe7 12. a4 a5 (12... Rd8 13. a5 Nc5 14. Qb1 Ne6 $132) 13. Nc4
Nc5 (13... Rd8 14. Qd6 Qxd6 15. Nxd6 Bf8 16. Rfd1) 14. Qd6 Qxd6 15. Nxd6 Ncd7
16. Rfd1) 12. a4 $1 b4 13. Na2 Qe7 (13... a5 14. c3 c5 15. Qc2 Bb7 $13) 14. c3
bxc3 (14... c5 15. cxb4 cxb4 16. a5 $36) 15. Nxc3 $2 (15. bxc3 Nc5 16. Qc2 $14)
15... Rd8 16. Nb3 (16. Qc2 Nf8 {/\c5,Ne6-d4}) 16... Nf8 17. Qc1 Ne6 $1 (17...
Kh7 $13) 18. Bc4 (18. Bxh6 Bxh6 (18... Nd4 19. Bc4 Rb8 20. Bxg7 Kxg7 21. Nd2
Nh5 $44) 19. Qxh6 Nd4 20. Bc4 (20. Bd1 Rb8) 20... Be6 21. Bxe6 (21. Na5 Rab8 (
21... Nh5 $146) 22. Qg5 $16) 21... Qxe6 22. Nc5 Qc4) 18... Rb8 (18... Kh7 $15)
(18... Nd4) 19. Bxh6 Bxh6 20. Qxh6 Rb4 21. Bxe6 (21. Nd2 Rxb2) 21... Bxe6 22.
Nd2 Rxb2 23. Nf3 $14 Bc4 24. Rfd1 $1 Re8 $1 {/\Qc5} 25. Re1 Nh5 26. Nd1 (26.
Ng5 Qf6 27. Nd1 Rc2 $132) 26... Re2 $1 27. Ne3 (27. Rxe2 Bxe2 28. Qe3 Nf4)
27... Rxe1+ 28. Rxe1 Be6 29. Nxe5 $1 Bxh3 $1 (29... Bb3 30. N3g4 Bxa4 31. Nxg6
fxg6 32. Qxg6+ Ng7 33. Nf6+ Kf8 34. Ra1 $18) 30. Nf3 $2 (30. Nxg6 fxg6 31.
Qxg6+ Ng7 32. gxh3 Qxe4 33. Qg4 $1 Re6 34. Ng2 $16) 30... Bc8 31. g4 $2 (31.
Ng5 Qf6 $13) (31. e5) 31... Ng7 32. e5 (32. Ng5 Qf6) 32... Ne6 33. Kg2 (33. Nc4
Qb4 34. Rc1 Ba6) (33. Rc1) 33... Qf8 34. Qh2 $6 (34. Qxf8+ Kxf8 35. Kg3 Rd8 $15
) 34... Bb7 35. Nc4 c5 36. Nd6 Bc6 $4 (36... Bxf3+ 37. Kxf3 Rb8 38. Ne4 Rb3+
39. Kg2 Qg7 40. Nf6+ Kf8 $16) (36... Rb8 $1 37. Rh1 Qg7 $36) 37. Nxe8 Bxe8 (
37... Qxe8 38. Rh1) 38. Rh1 Qg7 39. Rb1 $1 g5 (39... Kf8 40. Rb8) (39... Bxa4
40. Rb8+ Nf8 41. g5 (41. Qf4 Bc6 42. Qf6 $18) 41... Bc6 42. Qh6 $18) 40. Rb8
Nf4+ 41. Kg1 Kf8 42. Nxg5 $1 (42. Rc8 $18) 42... Qxe5 43. Qh6+ Ke7 (43... Kg8
44. Rxe8+ Qxe8 45. Qh7+ Kf8 46. Qh8+ Ke7 47. Qe5+ Ne6 48. Nxe6 fxe6 49. Qxc5+
Kf6 50. Qxa7 $18) 44. Rb7+ Bd7 $8 (44... Kd8 45. Nf3) 45. Nf3 Qe4 $8 46. Qg5+
Kd6 47. Qf6+ (47. Qe5+ Qxe5 48. Nxe5 $18) 47... Ne6 48. Qe5+ $1 Qxe5 49. Nxe5
Bxa4 50. Nxf7+ Kc6 51. Rxa7 $18 Bb3 52. g5 $6 (52. Kf1 c4 53. Ke1 c3 54. Ne5+
$18 {/\Nd3}) 52... c4 53. Ra6+ Kd7 54. Ne5+ (54. Rb6) 54... Ke7 55. Rb6 (55.
Rc6 Nd4 56. Rc8 c3 57. f4 Be6 58. Rc5 Bf5 59. Nc4 c2 60. Ne3 Ne2+ 61. Kf2 c1=Q
62. Nxf5+ Ke6 63. Rxc1 $18) 55... Nxg5 56. Ng6+ (56. Kf1 $18) 56... Kd7 57. f4
$2 (57. Kf1 Ne4 58. Ke2 c3 59. Rxb3 c2 60. Ne5+ Ke6 61. Nd3) 57... Ne4 58. f5 (
58. Ne5+ Kc7 59. Rc6+ Kb7 $132) 58... Kc7 (58... c3 59. Rxb3 c2 60. Ne5+ Kd6
61. Nd3) 59. Re6 Nc5 60. Re3 Bc2 61. Ne7 (61. Nh4 Ne4) 61... Ne4 62. Nd5+ Kd6
63. f6 (63. Nb4 Bb1 64. Re1 Nd2 {/\Nf3,Bf5,c3}) 63... Ng5 64. Nc3 $6 (64. Nf4
Ne4 (64... Bf5) 65. f7 Ke7 66. Re2 Bb1 67. Rb2 Bd3 68. Rb7+ Kf8 69. Ne6#) 64...
Bd3 (64... Nh7 65. f7 Bg6) 65. Kf2 Nh7 66. f7 Bg6 67. Rg3 Nf8 68. Rf3 Ke6 69.
Ne2 $1 Ke7 (69... Bxf7 70. Nd4+ Ke7 71. Nf5+ {/\Nh6}) 70. Nd4 Nd7 71. Ke3 (71.
Nc6+ Kf8 {/\c3} 72. Nd8 Ke7) 71... Bxf7 72. Nf5+ Kd8 73. Kd4 $16 Bg8 (73... Kc7
) 74. Ra3 Be6 75. Ra8+ Kc7 76. Ng7 Bf7 77. Ra3 Kd6 (77... Kb6) 78. Nf5+ Kc6 (
78... Ke6 79. Nh6) 79. Ra6+ Kb7 80. Rh6 Kc7 81. Nd6 Bg8 82. Nb5+ Kd8 (82... Kb7
83. Rg6 Bh7 84. Rg7 Bf5 85. Nd6+) 83. Nd6 Kc7 (83... Ke7 84. Nf5+ Kf8 85. Ra6 {
/\Ra8,Na6}) 84. Rg6 $1 Bh7 85. Nb5+ Kd8 86. Rg7 Bf5 87. Kd5 $18 (87. Kxc4 Be6+
88. Kd4 Kc8) 87... Bh3 88. Kd6 Ke8 89. Rg3 Bf5 90. Rf3 (90. Nd4 Bd3 91. Ne6 Nf6
) (90. Nc7+ Kf7 91. Rf3 Kg6) 90... Bg6 91. Nc7+ Kd8 92. Rg3 Nf8 $8 93. Ra3 Be4
94. Re3 Bg6 95. Rh3 Nh7 (95... Bh7 96. Rf3 Ng6 97. Rf7 Bg8 98. Rg7) 96. Rf3 (
96. Ra3 Kc8 97. Nd5 Kb8) 96... Kc8 97. Ra3 Kb7 98. Rg3 Bd3 99. Rg7 $4 (99. Nd5
{/\Kc5}) 99... Kb6 100. Nd5+ Kb5 101. Rb7+ Ka4 102. Kc5 Ng5 103. Kd4 Ne4 $1
$10 (103... Ne6+ 104. Kc3 Nc5 {/\Ne4}) 104. Rb8 Ka5 {/\Ka5-a4-a5} 105. Nc3 (
105. Nf4 Nd6 {/\Ka6=a5}) 105... Nxc3 106. Kxc3 Ka4 107. Rb4+ Ka5 108. Rxc4 Bxc4
109. Kxc4 {Yudasin} 1/2-1/2

[Event "RUS-Cup02"]
[Site "Moscow"]
[Date "1998.??.??"]
[Round "6"]
[White "Bezgodov, Alexei"]
[Black "Bologan, Viktor"]
[Result "1-0"]
[WhiteElo "2520"]
[BlackElo "2580"]
[Annotator "Yudasin,L"]
[PlyCount "79"]
[EventDate "1998.01.21"]
[EventType "swiss"]
[EventRounds "9"]
[EventCountry "RUS"]
[SourceTitle "CBM 063"]
[Source "ChessBase"]
[SourceDate "1998.03.26"]
[SourceVersion "1"]
[SourceVersionDate "1998.03.26"]
[SourceQuality "1"]

1. e4 g6 2. d4 Bg7 3. Nf3 d6 4. Be2 Nf6 5. Nc3 O-O 6. O-O c6 7. h3 (7. a4) 7...
Nbd7 (7... b5 8. e5 Ne8 (8... dxe5 9. dxe5 (9. Nxe5) 9... Nfd7 10. Bf4 Qc7 11.
Qd4) 9. Bf4) 8. e5 (8. Bf4 Nh5 9. Bh2 e5) (8. a4 e5 9. Re1 Re8 $10) 8... dxe5 (
8... Ne8 9. Bf4 Qc7 10. Re1 (10. exd6 exd6 11. Qd2 $14) 10... dxe5 11. Nxe5
Nxe5 12. Bf1 Qb6 13. Bxe5 Qxb2 14. Qd2 $146) 9. dxe5 Nd5 (9... Ne8 10. e6 (10.
Bf4 Qa5 11. Qd4 Nc7 12. Bg3 Qb6 13. Qxb6 axb6 14. a4 $14) 10... fxe6 $13) 10.
Nxd5 cxd5 11. Bf4 (11. Qxd5 Nxe5 $10) 11... Qc7 (11... Nc5 12. Bd3 $36 {
/\QdQ,Rfe1,Bh6}) 12. Qxd5 Qxc2 (12... e6 13. Qc4) 13. Nd4 Qxb2 (13... Nb6 14.
Qb5 (14. Qf3 Qxb2 15. Rfd1 $146) (14. Nxc2 Nxd5 15. Bg3 Bd7 16. Bf3 Rac8 17.
Nd4 e6 $10) 14... Qe4) 14. Rfd1 Nb6 (14... e6 15. Qd6 (15. Qe4 Nc5 16. Qe3 $146
{/\Rdb1,/\Nb5} b6) 15... Qb6) 15. Qa5 Be6 16. Bf3 (16. Nxe6 fxe6 {f4,e2})
16... Nc4 (16... Rad8 17. Nxe6 fxe6 18. Bg3 Nc8 19. Rdb1) 17. Qe1 Rad8 18. Rab1
Qxa2 19. Rxb7 Qa6 $2 (19... Bd5 20. Bxd5 Rxd5 21. Ra1 $18) (19... Qa5 20. Qxa5
Nxa5 21. Rxa7 (21. Rxe7 Bd5 22. Ra1 Bxf3 23. Nxf3 Nc6 24. Rc7 Rc8 $10) 21...
Nc4 22. Nxe6 Rxd1+ 23. Bxd1 fxe6 $14) 20. Rxe7 Bd5 21. Bxd5 Rxd5 22. Nf3 Nb6 $2
(22... Rxd1 23. Qxd1 Nb6 $16 24. e6 $40 {-23...Nb6}) (22... Qc6 23. Rxa7 Rxd1
24. Qxd1 Qc5 (24... Qe4 25. Bg3 Nxe5 26. Nxe5 Bxe5 27. Re7 f6 28. Qd7 Qb1+ 29.
Kh2 Bxg3+ 30. fxg3 g5 31. Rg7+ Kh8 32. Qe7 Rg8 33. Rf7) (24... Re8 25. Qd4 $16)
(24... h6 25. Rd7 Re8 $16) 25. Rd7 $16) 23. e6 $1 $40 Rxd1 24. Qxd1 fxe6 (24...
Qc8 25. Ng5) 25. Qd6 Qa1+ $2 (25... Qc4 26. Rxg7+ Kxg7 27. Bh6+ Kxh6 28. Qxf8+
Kh5 29. g4+) (25... Qc8 $1 26. Rxa7 (26. Rc7 Qe8 27. Be5 Bxe5 28. Nxe5 Nd5 29.
Rxa7 Qc8 $16) 26... Nd5 $16) 26. Kh2 Nd5 (26... Qf6 27. Be5) (26... Qa2 27.
Rxg7+ Kxg7 28. Bh6+) 27. Qxe6+ Kh8 28. Qxd5 Rxf4 29. Ng5 Rxf2 (29... h6 30. Ne6
) (29... Rf8 30. Nf7+) 30. Re8+ Bf8 (30... Rf8 31. Nf7+ Kg8 32. Nh6+ Kh8 33.
Rxf8+ (33. Qg8+ Rxg8 34. Nf7# (34. Rxg8#)) 33... Bxf8 34. Ng8) 31. Ne6 $18 Qc3
(31... Qa4 32. Qe5+ Kg8 33. Qg7#) 32. Qd6 Rxg2+ 33. Kxg2 Qc2+ 34. Kf3 Qc3+ 35.
Ke4 Qc2+ 36. Ke3 Qc3+ 37. Qd3 Qe1+ 38. Kd4 Qa1+ 39. Qc3 Qa4+ 40. Kd5+ {Yudasin}
1-0

[Event "CZE-ch"]
[Site "Zlin"]
[Date "1998.06.21"]
[Round "9"]
[White "Velicka, Petr"]
[Black "Konopka, Michal"]
[Result "0-1"]
[WhiteElo "2430"]
[BlackElo "2445"]
[Annotator "Yudasin,L"]
[PlyCount "78"]
[EventDate "1998.06.13"]
[EventType "tourn"]
[EventRounds "11"]
[EventCountry "CZE"]
[EventCategory "9"]
[SourceTitle "CBM 066"]
[Source "ChessBase"]
[SourceDate "1998.09.30"]
[SourceVersion "1"]
[SourceVersionDate "1998.09.30"]
[SourceQuality "1"]

1. e4 d6 2. d4 Nf6 3. Nc3 g6 4. Nf3 Bg7 5. Be2 O-O 6. O-O c6 7. Re1 (7. h3) (7.
a4) 7... Qc7 8. Bf4 Nbd7 9. e5 $6 (9. a4 e5 $10) 9... Nh5 10. Bg5 (10. exd6
exd6 11. Bg5 f6 (11... h6 $10 12. Be3) 12. Be3 f5 $13) 10... f6 (10... dxe5 11.
Bxe7 Re8 12. Bg5 exd4 13. Nxd4 Nhf6 14. Bc4 Rxe1+ 15. Qxe1 Nb6 $10) 11. exd6
exd6 12. Be3 d5 (12... f5 13. Ng5 (13. d5 $1 $13) 13... Ndf6 14. d5 h6 15. Ne6
Bxe6 16. dxe6 Rae8) 13. Nh4 (13. Qd2 f5 14. Ng5 $5 f4 (14... Ndf6 15. f4 h6 16.
Nf3 Ne4 17. Nxe4 fxe4 18. Ne5 $16) 15. Bxh5 fxe3 16. Qxe3 gxh5 $4 (16... Nb6
17. Be2 $16) (16... Nf6 $1 17. Ne6 Bxe6 18. Qxe6+ Kh8 19. Bf3 Qb6 $10) 17. Qe6+
Kh8 18. Nf7+ Rxf7 19. Qxf7 $18) (13. g3 f5 14. Ng5 (14. Ne5 f4 $1) 14... Ndf6
15. f4 (15. Nh3 $15) 15... Ng4 $1 16. Bxg4 fxg4 17. Bf2 Qd6 $17) 13... Nf4 14.
Bxf4 (14. Bf1 Nb6 15. Qd2 Ne6 $15) 14... Qxf4 15. g3 Qd6 16. Bd3 $2 (16. Qd2
Nb6 $15) 16... Nb6 $5 (16... Qb4 17. Nxg6 hxg6 18. Bxg6 f5 $17) 17. Nxg6 $6 (
17. Ne2 $15) 17... hxg6 18. Bxg6 Bh6 (18... Rd8 19. Qh5 Bd7 20. Ne2 $40 {
/\Nf4,Qh7,Nh5[Bh5]}) 19. Qh5 Kg7 20. Be8 $4 (20. Re2 f5 $1 (20... Bd7 21. Rae1
Nc8 22. Be8 Bxe8 23. Rxe8 {/\Qg4,/\Rf8,Qg4} Rxe8 (23... f5 24. R8e6) 24. Rxe8
$132 (24. Qxe8 Qf8 25. Qd7+ Qf7 26. Qg4+ Kf8 $17) 24... Qd7 $8 25. Qe2 f5 (
25... Kf7 26. Qh5+ Kg7 27. Qe2 $10) 26. h4 $13) 21. Be8 Qf6 $1 {/\Be6} (21...
Rf6 22. Rae1 Be6 23. Rxe6 Rxe6 24. Qf7+) 22. Rae1 Qg5 23. Re7+ Kh8 24. Qe2 $132
Bg7 $17) 20... Bf5 (20... f5 $1 21. Re2 Bd7 $4 (21... Qf6 $1 $17) (21... f4 22.
Rae1 Bf5 23. Re7+ Kg8 24. R1e6 Qxe6 25. Rxe6 Bxe6 26. Qg6+ Bg7 27. Qxe6+ Kh8
28. Bf7 $18) 22. Bxd7 Qxd7 23. Rae1 Rf7 24. Re6 $18) 21. Qxf5 $8 Rfxe8 $1 22.
Qg4+ Kh8 23. Qh5 Qf8 $19 24. Ne2 Kg8 25. Kg2 Re4 26. g4 Rae8 27. Ng3 Rxe1 28.
Nf5 Kh7 (28... Bg7 29. Qg6 R1e7 30. Rd1 {/\Rd3-h3}) 29. h4 (29. Rxe1 Rxe1 30.
h4 Nc8 31. g5 fxg5 32. hxg5 Qxf5) 29... Rxa1 30. Nxh6 Qxh6 31. Qf7+ Qg7 32.
Qh5+ Kg8 33. Qxe8+ Kh7 34. Qh5+ Kg8 35. Qe8+ Qf8 36. Qg6+ Kh8 37. Qh5+ Kg7 38.
g5 fxg5 39. hxg5 (39. Qxg5+ Kf7 40. Qf5+ Ke7 41. Qe5+ Kd7) 39... Qh8 {Yudasin}
0-1

[Event "San Francisco Mechanics"]
[Site "San Francisco"]
[Date "1998.07.10"]
[Round "1"]
[White "Kobese, Watu"]
[Black "Hodgson, Julian M"]
[Result "0-1"]
[WhiteElo "2330"]
[BlackElo "2575"]
[Annotator "Yudasin,L"]
[PlyCount "72"]
[EventDate "1998.07.10"]
[EventType "tourn"]
[EventRounds "9"]
[EventCountry "USA"]
[EventCategory "10"]
[SourceTitle "CBM 066"]
[Source "ChessBase"]
[SourceDate "1998.09.30"]
[SourceVersion "1"]
[SourceVersionDate "1998.09.30"]
[SourceQuality "1"]

1. e4 g6 2. d4 Bg7 3. Nf3 d6 4. h3 Nf6 5. Nc3 O-O 6. Be3 a6 (6... c6) 7. a4 (7.
Bd3 b5 8. e5 dxe5 9. dxe5 Nd5) 7... b6 8. d5 $6 (8. e5 dxe5 (8... Nfd7 9. e6 (
9. Bf4 Nc6 $13) 9... fxe6 10. h4 Nf6 $13) 9. dxe5 Nfd7 10. e6 (10. Qd5 Ra7 (
10... c6 11. Qe4 e6 12. h4 $40) 11. e6 Bb7 12. exf7+ Rxf7 13. Qb3 Bxf3 14. gxf3
Nf8 15. Bc4 e6 16. a5 $36) 10... fxe6 11. Ng5 Ne5 $13) 8... Bb7 9. Be2 (9. Bc4
c6 10. O-O b5 11. dxc6 Bxc6 12. axb5 axb5 13. Rxa8 Bxa8 14. Bxb5 Nxe4) 9... c6
10. O-O Nbd7 {/\Nc5e4} (10... b5 11. dxc6 Bxc6 12. e5 (12. axb5 axb5 13. e5
Rxa1 14. Qxa1 dxe5 15. Nxe5 b4 16. Nxc6 Nxc6 17. Rd1 Qb8 18. Nb5 $14) 12...
dxe5 13. Nxe5 b4 $15) 11. dxc6 (11. Re1 Nc5 12. dxc6 Bxc6 13. e5 $15) 11...
Bxc6 12. Nd2 $2 (12. Nd4 Bxe4 (12... Bb7 13. f3 Rc8 $15 {/\Ne5-c4}) 13. Nxe4
Nxe4 14. Nc6 Qe8 15. Bf3 Nec5 16. Re1 $44) 12... Qb8 {/\Qb7} (12... Nc5 $1 13.
Bf3 (13. f3 d5 14. e5 (14. exd5 Nxd5 15. Nxd5 Qxd5 16. c3 $17) 14... d4 15.
exf6 exf6 $17) 13... Nfd7 $36) 13. f3 d5 14. exd5 Nxd5 15. Nxd5 Bxd5 16. c3 (
16. Nc4 e6 17. c3 Qc7) 16... Rd8 17. Qe1 (17. Qc2 Qc7 18. Rfe1 $15) 17... b5
18. axb5 axb5 19. Rxa8 Bxa8 20. Nb3 (20. Qf2 b4 (20... Ne5 $6 21. Rb1 {/\21...
Nd3 22.Qf1})) 20... Ne5 $6 (20... b4 21. cxb4 Bxb2 22. Nc5 $10) (20... Nf6 21.
Nd4 (21. Bc5 e5 {/\Bd5}) 21... Nd5 22. Bf2 b4 23. c4 Nf4 $17) 21. Bc5 $6 (21.
Bd4 Nc4 22. Bxg7 Kxg7 23. Bxc4 bxc4 24. Nd4 e5 25. Nc2 $15) 21... Nc4 (21... e6
22. Nd4 Nc4 23. b3 $13) 22. Qc1 $2 (22. Bxe7 Re8 23. Bc5 Nxb2 24. Bd4 $15)
22... Be5 $1 23. f4 (23. Bxe7 $2 Re8 24. Bc5 (24. Bh4 Bh2+ 25. Kf2 Bf4 26. Qa1
Rxe2+ 27. Kxe2 Qe5+ 28. Kd1 Ne3+ 29. Ke2 Bd5 $19) 24... Bh2+ 25. Kf2 Qg3#)
23... Bf6 24. Nd4 {/\b4} (24. Bf3 Bxf3 25. Rxf3 Qb7 $36) 24... e5 $1 25. fxe5
Qxe5 26. Qf4 (26. Bf3 $4 Qxc5 27. Bxa8 Bxd4+) (26. Bxc4 bxc4 27. Qf4 Qxf4 28.
Rxf4 Bg5 $17) 26... Qxf4 27. Rxf4 Bg5 28. Rf1 Be3+ 29. Kh2 Nxb2 30. Bxb5 Rd5
31. Ba3 $4 (31. Ra1 Rxc5 32. Rxa8+ Kg7 33. Rb8 Rxc3 $17) 31... Bxd4 32. cxd4
Rxb5 33. Rb1 Rb3 $1 $19 34. Bxb2 Bd5 35. Kg1 f5 36. g4 Be4 {Yudasin} 0-1

[Event "WchT 4th"]
[Site "Luzern"]
[Date "1997.10.26"]
[Round "2.2"]
[White "Rodriguez Cespedes, Amador"]
[Black "Irzhanov, Ruslan"]
[Result "1/2-1/2"]
[WhiteElo "2545"]
[BlackElo "2535"]
[Annotator "Yudasin,L"]
[PlyCount "51"]
[EventDate "1997.10.25"]
[EventType "team-tourn"]
[EventRounds "9"]
[EventCountry "SUI"]
[SourceTitle "CBM 062"]
[Source "ChessBase"]
[SourceDate "1998.01.31"]
[SourceVersion "1"]
[SourceVersionDate "1998.01.31"]
[SourceQuality "1"]
[WhiteTeam "Cuba"]
[BlackTeam "Kazakhstan"]
[WhiteTeamCountry "CUB"]
[BlackTeamCountry "KAZ"]

1. e4 g6 2. d4 Bg7 3. Nf3 d6 4. Nc3 Nf6 5. Be3 O-O 6. Qd2 c6 7. Bh6 (7. h3) (7.
Bd3) 7... b5 8. Bxg7 Kxg7 9. Bd3 Bg4 (9... Nbd7 10. O-O e5 11. Ne2 a6 12. a4
Rb8 13. axb5 cxb5 14. Ng3 Bb7 15. c3 Re8 16. Qg5 Kh8 17. Qh4 Kg7 18. Qg5 Kh8
19. Nd2 Nf8 20. d5 Qe7 21. Be2 Nxd5 22. Qxe7 Nxe7 23. Nb3 Ne6 24. Na5 {Zum
Felde,M-Sebastian,D/OLNN9697 1997/EXT 97/0-1 (35)}) 10. Ng1 (10. e5 Nfd7 (10...
dxe5 11. dxe5 Nfd7 12. Qe3 Qc7 13. e6 Bxe6 14. Ng5 Qe5 15. Nxe6+ fxe6 16. a4
Qxe3+ 17. fxe3 b4 18. Ne4 Rf5 19. Nd2 Rd5 20. Bc4 Re5 21. O-O-O Nc5 22. Rhe1
Nbd7 23. Nf3 Re4 24. Bd3 Rg4 25. Bf1 {Adams,M-Shirov,A/Dos Hermanas 1995/CBM
47/[Stohl]/1-0 (60)}) 11. Ng5 dxe5 12. h3 Bf5 13. Bxf5 gxf5 14. dxe5 Nxe5 15.
Qf4 Ng6 16. Qxf5 e6 17. Qxf7+ Rxf7 18. Nxe6+ Kf6 19. Nxd8 Re7+ 20. Kf1 b4 21.
Nxc6 Nxc6 22. Nd5+ Kf7 23. Nxe7 Ncxe7 24. g3 Rd8 {Itkis,B-Bogdan,D/Bucharest
Tim 1993/EXP 35/1-0 (40)}) (10. Qf4 Bxf3 11. Qxf3 e5 12. Ne2 Nbd7 13. O-O Re8
14. c3 Qb6 15. Rad1 d5 16. Qh3 dxe4 17. Bxe4 exd4 18. Rxd4 Rxe4 19. Rxe4 Nxe4
20. Qxd7 Rd8 21. Qe7 Nf6 22. Nd4 Re8 23. Qd6 c5 24. Qxb6 axb6 {Palacios de la
Prida,E-Strikovic,A/Osuna op 1991/EXT 91op/0-1 (43)}) 10... e5 11. h3 Bc8 12.
dxe5 dxe5 13. Nf3 Nbd7 $11 14. O-O-O (14. O-O Qe7 15. Rfe1 a5 16. Qe3 Nc5 $11)
14... Qe7 15. Kb1 Nc5 16. Qe3 a5 17. Ne2 a4 18. g4 (18. Nd2 b4 (18... Be6 19.
g4 b4) 19. Bc4) 18... b4 19. Ng3 b3 20. a3 Rb8 (20... bxc2+ 21. Bxc2 Ba6 22.
Rhg1 Rab8 $13) 21. c3 Nfd7 (21... Re8) 22. Be2 Nb6 $6 (22... Ba6 23. Bxa6 Nxa6
24. Qa7 $2 (24. h4 $132) 24... Nac5 25. Qc7 Qf6) (22... Re8 23. h4 Nf6) 23.
Rdg1 Nbd7 24. h4 Qf6 25. h5 Qf4 {26.g5.Qe3.27fe3.Ba6=/+} 26. Rh4 1/2-1/2

[Event "London"]
[Site "London"]
[Date "1997.10.18"]
[Round "1"]
[White "McDonald, Neil R"]
[Black "Dunnington, Angus J"]
[Result "1-0"]
[WhiteElo "2490"]
[BlackElo "2420"]
[Annotator "Yudasin,L"]
[PlyCount "123"]
[EventDate "1997.10.18"]
[EventType "tourn"]
[EventRounds "9"]
[EventCountry "ENG"]
[EventCategory "10"]
[SourceTitle "CBM 062"]
[Source "ChessBase"]
[SourceDate "1998.01.31"]
[SourceVersion "1"]
[SourceVersionDate "1998.01.31"]
[SourceQuality "1"]

1. e4 {Hecht} d6 2. d4 Nf6 3. Nc3 g6 4. Bg5 Bg7 5. Nf3 (5. Qd2 $5) 5... c6 6.
h3 O-O 7. Bd3 Nbd7 8. e5 dxe5 (8... Ne8 {/\f6}) 9. dxe5 Nd5 (9... Ne8 $5 {
/\Nc7e6,/\Nc5}) 10. Nxd5 cxd5 11. Qe2 Nc5 (11... Qc7 12. Bxe7 Re8 13. Bd6 Qb6
14. O-O-O f6 15. Bb5 a6 16. Bxd7 Bxd7 17. Qd2 fxe5 18. Bxe5 Bxe5 19. Qxd5+ Be6
20. Qxe5 Rac8 21. Rhe1 Rxc2+ 22. Kxc2 Bf5+ 23. Qxf5 Qc6+ 24. Kb1 gxf5 25. Ne5
Qa4 26. g3 {Crawley,G-Gurevich,D/Groningen op 1988/EXT 88op/0-1 (58)}) 12.
O-O-O Nxd3+ (12... Qc7 {/\Nd3,Bf5} 13. g4 $5 Be6 $13) 13. Qxd3 Bf5 14. Qxd5 Qc7
15. Qb3 Be6 $6 (15... Rac8 16. Nd4 Qxe5 17. Rhe1 $2 Bxc2) 16. Qa3 Rfc8 $6 (
16... Rac8 17. Rd2 Rfe8) 17. Rd2 Bxe5 $2 18. Nxe5 Qxe5 19. Qxe7 Qe4 (19... Qf5
20. Kb1 $16) 20. Rhd1 h5 (20... Qxg2 21. Bh6 {/\QfP,Rd8}) (20... Bf5 21. Rd8+
Rxd8 22. Rxd8+ Rxd8 23. Qxd8+ Kg7 24. Bf6+ Kh6 25. Qd2+ $18) 21. f3 Qa4 22. a3
$18 Qc4 (22... Bb3 23. Bf6 Kh7 24. Bc3) (22... Qe8 23. Qf6 Qf8 24. g4 $40) 23.
Bf6 Kh7 24. Bc3 Qa2 25. Rd3 {/\Qf6} Rxc3 26. Rxc3 Qa1+ 27. Kd2 Qxb2 28. Re1 $6
(28. Qd6 $1 $18) 28... Qb6 29. Rxe6 $1 Qxe6 30. Qxe6 fxe6 {[#] Hecht: Weiß
gewinnt einen Bauern und wickelt bei besserer Figuren- und Bauernstellung in
ein klar gewonnenes Endspiel g+h vs e ab.} 31. Rc7+ Kh6 32. Rxb7 Kg5 $2 (32...
Rd8+ 33. Kc1 a5 34. Rb5) 33. g3 $1 h4 (33... Rd8+ 34. Ke3 Rc8 35. h4+ Kf6 36.
Kd3 Rd8+ 37. Kc3 Rc8+ 38. Kb3 Rd8 39. Rxa7 $18 Rd2 $132) 34. f4+ $5 (34. Rb5+
Kf6 35. gxh4 Rh8 36. Rb4 {/\Rg4,c4}) 34... Kf5 $2 (34... Kh6 35. g4 g5 36. Re7
gxf4 37. Rxe6+ Kg7 38. Re4 Rf8 39. Ke2 Rc8 40. c4 Rb8 41. Rxf4 Rb2+ 42. Kf3
Rb3+ $132) (34... Kf6 35. g4 g5) 35. Ke3 $1 $18 {[%cal Gb7f7]} Kf6 36. g4 g5
37. fxg5+ Kxg5 38. Rh7 Rc8 39. Rh5+ Kf6 40. Kd3 Rd8+ 41. Ke4 Rc8 42. Rxh4 Rxc2
43. Rh6+ Ke7 44. Rh7+ Kf6 45. Rxa7 Rh2 46. Rh7 Ra2 47. h4 Rxa3 48. g5+ Kg6 49.
Rh6+ Kg7 50. Kf4 Ra4+ 51. Kg3 Re4 52. Rf6 Re1 53. Kg4 Re4+ 54. Kh5 Re1 55. Rf3
Rd1 56. Re3 Rd6 57. Re4 Rc6 58. Kg4 Ra6 59. Rc4 Ra7 60. h5 Rb7 61. h6+ Kg6 62.
Rf4 (62. Rf4 {Hecht} Re7 63. Rf6+ Kh7 64. Kh5 Re8 65. g6+ Kg8 66. h7+ Kh8 67.
Kh6 $18) 1-0

[Event "FRA-ch"]
[Site "Narbonne"]
[Date "1997.08.18"]
[Round "4"]
[White "Koch, Jean Rene"]
[Black "Chabanon, Jean Luc"]
[Result "1-0"]
[WhiteElo "2495"]
[BlackElo "2455"]
[Annotator "Yudasin,L"]
[PlyCount "71"]
[EventDate "1997.08.15"]
[EventType "tourn"]
[EventRounds "15"]
[EventCountry "FRA"]
[EventCategory "9"]
[SourceTitle "CBM 061"]
[Source "ChessBase"]
[SourceDate "1997.11.23"]
[SourceVersion "1"]
[SourceVersionDate "1997.11.23"]
[SourceQuality "1"]

1. e4 d6 2. d4 Nf6 3. Nc3 g6 4. Nf3 Bg7 5. Be2 O-O 6. O-O c6 7. Re1 Nbd7 8. e5
dxe5 9. dxe5 Ng4 10. e6 fxe6 11. h3 Ngf6 (11... Nge5 $5 12. Nxe5 (12. Ng5 $6
Nb6 13. Qxd8 Rxd8 {[%csl Rc4]}) 12... Nxe5 13. Qxd8 Rxd8 14. Bf4 Nf7 15. Bg3 (
15. Rad1 $5 Bd4 (15... Rd4 16. Rxd4 Bxd4 17. Bc4) 16. Bf3 e5 17. Bxe5 Nxe5 18.
Rxe5 Kf7 19. Re2 $11) 15... Rd4 $5 16. Nd1 e5 17. c3 Rd2 18. Bc4 Kf8 19. a4 Bf5
20. Bxf7 Kxf7 21. Bxe5 Bxe5 22. Rxe5 $13 {/= Okhotnik,V-Tkachiev,V/FRA-chT
1996/EXP 55/1/2-1/2 (45)}) 12. Bc4 Nd5 13. Ne4 (13. Rxe6 $2 N7b6 14. Bxd5 Nxd5
$17) 13... Qc7 $146 (13... Ne5 {Karpov,An} 14. Nxe5 Bxe5 15. Qe2 (15. Ng5 $5 {
Stohl} Qc7 16. Qg4 $36) 15... Qb6 (15... Bg7 16. c3 e5 17. Nc5 $14) 16. c3 (16.
Ng5 $2 {Stohl} Rxf2 $1 17. Qxf2 Bd4 $17) 16... Bd7 17. Be3 $1 $14 (17. Ng5 {
Stohl} Bg3 $13) 17... Nxe3 18. Qxe3 Bf4 19. Qc5 (19. Qxb6 {Stohl} axb6 20. Rad1
Bc8 $132 {/\Ra5-f5}) 19... Rae8 $1 (19... Rf7 20. Rad1 $16) 20. Qxb6 axb6 21.
g3 Bh6 22. f4 Kg7 23. Nf2 (23. Kg2 e5 $1 24. fxe5 Bf5 $10) 23... g5 24. fxg5
Bxg5 25. h4 Bf6 26. Bxe6 Bxe6 27. Rxe6 $14 {Karpov,A-Shirov,A/Linares 19951/
2-1/2 (48)}) (13... N7b6 $5 14. Bb3 {[%cal Ge4g5]} e5 15. Be3 Bf5 16. Bc5 Kh8
$13) 14. c3 Ne5 $6 (14... N7b6 $5 15. Bb3 e5 16. Qe2 $14) 15. Nxe5 Qxe5 16. Bg5
$16 Qf5 (16... Qc7 17. Qd2 $16 {[%cal Ge4c5]} (17. Nc5 Qb6)) 17. Qd2 Bd7 18.
Bd3 (18. Bxe7 $1 Nxe7 19. Qxd7 Nd5 20. Qxb7 Rab8 21. Qxc6 Rxb2 22. Rad1 $16)
18... Qf7 19. Nc5 Bc8 20. Bc2 b6 21. Nd3 Ba6 22. Ne5 Bxe5 23. Rxe5 {[%csl Re6,
Re7] ^^} Rad8 {[%cal Rd5b4]} 24. Qe1 Nf4 25. Re4 $2 (25. Bh6 $142 $1 Rfe8 (
25... Nxg2 26. Kxg2 Qf3+ 27. Kg1 Qxh3 28. Qe3 Rf3 29. Qg5 {[%cal Rc2g6]} Bd3 (
29... Rxf2 30. Kxf2 Qh2+ 31. Kf3 $16) 30. Bb3 $16 {[%csl Re6][%cal Ga1e1]}) 26.
Bxf4 (26. Re4 Nd3 27. Bxd3 Bxd3 28. Rf4 Bf5 29. g4 Qf6 $1 30. gxf5 gxf5 31. Qc1
e5 {[%cal Gf5f4]}) 26... Qxf4 27. Rxe6 $16 {[%csl Re7,Rg8]}) (25. Bxf4 $6 Qxf4
{[%cal Yd8d2]}) 25... Nd3 26. Bxd3 Bxd3 27. Rf4 Bf5 28. g4 Rd3 $4 (28... e5 $1
29. Qxe5 (29. Rf3 Rd3) 29... Rd5 30. Qxe7 (30. Qe1 e5 31. Rf3 Rd3) (30. Qe2 e5
31. Rf3 Bxg4 $1) 30... Qxe7 31. Bxe7 Re8 32. gxf5 (32. Bg5 {[%cal Gg5h6]} Be6
33. Bh6 $14) 32... Rxe7 {in this rook's ending black has good drawing chances})
29. gxf5 $18 gxf5 30. Kh2 Rfd8 31. Rh4 Rf3 (31... Qg6 32. Qe2 {[%cal Ya1g1]})
32. Qe2 Rdd3 33. Rg1 Kf8 34. Be3 Qf6 35. Qxd3 Qxh4 36. Qd8+ 1-0